¿Arde París? /

Збережено в:
Бібліографічні деталі
Автор: Lapierre, Dominique (autor)
Інші автори: Collins, Larry (autor) (autor)
Формат: Книга
Мова:Іспанська
Опубліковано: Barcelona, España : Plaza y Janés, 1972, c1972
Серія:(El Arca de Papel ; 14)
Предмети:
Теги: Додати тег
Немає тегів, Будьте першим, хто поставить тег для цього запису!

MARC

LEADER 00000nam^a2200000^a^4500
001 000186801
005 20251016155828.0
009 20260310102240.127
037 |a Acervo ITESO - Biblioteca 
041 |a ESP 
082 |a 843.  |b LAP 
100 |a Lapierre, Dominique  |e (autor) 
240 1 1 |a [¿Arde París?] 
245 1 0 |a ¿Arde París? /  |c D. Lapierre, L. Collins ; tr. por Joaquín Rodríguez. 
264 4 |a Barcelona, España :  |b Plaza y Janés,  |c 1972, c1972 
300 |a 639 p. 
336 |a texto  |b txt  |2 rdacontenido 
337 |a sin mediación  |b n  |2 rdamedio 
338 |a volumen  |b nc  |2 rdasoporte 
440 4 |a (El Arca de Papel ;  |v 14) 
500 |a Traducción de: Paris brûle-t-il 
545 0 |a Dominique Lapierre (Francia, 1931-2022) periodista y escritor que durante quince años (hasta 1960) fue reportero de Paris Match, cubriendo todos los grandes conflictos mundiales de la época. El oficio periodístico y el feliz encuentro con Larry Collins, le han permitido producir obras de gran éxito, a medio camino entre el reportaje y la ficción, traducidas a gran cantidad de idiomas y algunas de las cuales han sido llevadas al cine. Entre sus títulos -individuales o en colaboración- se encuentran: La Ciudad de la Alegría; El quinto jinete; Esta noche, la libertad; Mil soles; Más grande que el amor; ¿Arde París?; y, Oh, Jerusalén, entre otros. Su encuentro con la Madre Teresa de Calcuta produjo no sólo el primero de esos títulos, sino también la constitución, por parte del autor, de un organismo a favor de los leprosos de India y la fundación de dispensarios y un hospital para atenderles. Con Mil soles obtuvo el Premio de las Naciones Unidas para la Paz. 
545 0 |a Larry Collins (John Lawrence Collins Jr.), escritor y periodista norteamericano nacido en 1929 y muerto en 2005. Realizó estudios en la Universidad de Yale; fue director de la agencia United Press International en Roma, Beirut y París, y de la corresponsalía de Newsweek en París. Escribió varias obras en colaboración con Dominique Lapierre, con quien realizó grandes investigaciones históricas para redactar en conjunto varios libros de gran éxito de ventas; entre otros, se encuentran: ¿Arde París?; O llevarás luto por mí; Oh Jerusalén; Esta noche la libertad; El quinto jinete; ¿Arde Nueva York? De manera individual es, también, autor de: Juego mortal; Laberinto; Aguilas negras; Los secretos del día D. 
649 |a XX 
650 |a Novela Francesa 
650 |a Novela Histórica -  |z Francia 
650 |a Literatura Francesa -  |y Siglo XX 
650 |a Literatura e Historia -  |z Francia 
650 |a Literatura y Periodismo -  |z Francia 
650 |a Guerra Mundial (Segunda), 1939-1945 
650 |a París, Francia -  |x Historia -  |y Ocupación Alemana, 1940-1944 
650 |a París, Francia en la Literatura 
650 |a Francia -  |x Historia -  |y Ocupación Alemana, 1940-1944 
650 |a Francia en la Literatura 
650 |a Alemania -  |x Historia -  |y Tercer Reich, 1933-1945 
650 |a Alemania en la Literatura 
700 |a Collins, Larry  |e (autor) 
910 |a Fondo General 
920 |a Impresos - Libros 
930 |a Colección General 
940 |a Literatura 
905 |a 101 
901 |a 0500128562  |b IT1  |c LIT  |u 20250521 
902 |a https://opac.biblio.iteso.mx/vufind/Record/000186801